Autism and the development of mind
Furkejuvvon:
| Váldodahkki: | |
|---|---|
| Materiálatiipa: | Girji |
| Giella: | eaŋgalasgiella |
| Almmustuhtton: |
Hinsdale
Lawrence Erlbaum Associates
1993
|
| Fáttát: | |
| Fáddágilkorat: |
Lasit fáddágilkoriid
Eai fáddágilkorat, Lasit vuosttaš fáddágilkora!
|
MARC
| LEADER | 00000nam a2200000 a 4500 | ||
|---|---|---|---|
| 001 | UCJ8943 | ||
| 003 | CL-VaPUC | ||
| 008 | 070126e19930000US |||||||||||||||||eng|d | ||
| 020 | |a 0863772390 | ||
| 082 | 0 | 4 | |a 616.8982 |b HOB |2 21 |
| 100 | |a Hobson, R. Peter |e author |9 518763 | ||
| 245 | 1 | 0 | |a Autism and the development of mind |
| 300 | |a 246 p | ||
| 942 | |c BK | ||
| 945 | |d 20070126 00:00:00 |a jtorresc | ||
| 260 | |a Hinsdale |b Lawrence Erlbaum Associates |c 1993 | ||
| 500 | |a Donación de la Dra. Marianne Peronard Thierry | ||
| 650 | 0 | |a Autismo |9 307911 | |
| 650 | 0 | |a Desarrollo cognitivo |9 311398 | |
| 650 | 0 | |a Psicología del niño |9 307305 | |
| 583 | |a last modification |c 20130107 12:29:29 |k Rodrigo Vera | ||
| 999 | |c 324587 |d 324585 | ||
| 952 | |0 0 |1 0 |4 0 |6 616_898200000000000_HOB_1993 |7 0 |8 A |9 404854 |a FDOPOS |b FDOPOS |d 2019-11-22 |i 4317734 |o 616.8982 HOB 1993 |p 4317734 |r 2025-01-22 |w 2019-11-22 |y BK |k MLA | ||